000 15449cam a2202917 a 4500
999 _c57816
001 17861713
003 LIBRIS
005 20210520124709.0
008 150418s2015 sw ||||j||||||000 0|swe|d
020 _a9789129697827
_qinb.
035 _a(BOKR)9789129697827
040 _aBOKR
_dS
_ea
041 _aswe
082 4 _a641.5686
_223/swe
084 _aQcaam
_2kssb/8
100 1 _aLidström, Clara,
_d1986-
_0https://libris.kb.se/rp36dgx94tmrbwv#it
245 1 0 _aGod jul :
_bkakor, knäck och karameller /
_cClara Lidström & Annakarin Nyberg ; [foto: Clara Lidström ; illustrationer: Anna Lidström].
264 1 _aStockholm :
_bRabén & Sjögren,
_c2015
264 3 _aLettland
300 _a77 s.
_bill.
_c24 cm
520 _aFullt med recept på godis. Faktiskt mest godis. Du behöver ha hjälp av en vuxen. [Barnbokskatalogen]
650 7 _aBakning
_0https://id.kb.se/term/sao/Bakning
_2sao
650 7 _aJulkakor
_0https://id.kb.se/term/sao/Julkakor
_2sao
650 7 _aJulgodis
_0https://id.kb.se/term/sao/Julgodis
_2sao
650 7 _aBaka
_0https://id.kb.se/term/barn/Baka
_2barn
650 7 _aKakor
_0https://id.kb.se/term/barn/Kakor
_2barn
650 7 _aGodis
_0https://id.kb.se/term/barn/Godis
_2barn
650 7 _aJulen
_0https://id.kb.se/term/barn/Julen
_2barn
650 0 _aBaking
650 0 _aBaked products
655 7 _aFaktaböcker
_0https://id.kb.se/term/barngf/Faktab%C3%B6cker
_2barngf
655 7 _aKokböcker
_0https://id.kb.se/term/barngf/Kokb%C3%B6cker
_2barngf
655 7 _aBarn- och ungdomslitteratur
_0https://id.kb.se/term/barngf/Barn-%20och%20ungdomslitteratur
_2barngf
700 1 _aNyberg, Annakarin,
_d1975-
_0https://libris.kb.se/c9psx7lw4n6vdh1#it
887 _a{"@id":"3mfp4zrf09ncl3k","modified":"2017-03-20T12:13:40+01:00","checksum":"193032518633"}
_2librisxl
887 _a{"@id":"n1zm10fvlpqkxg3q","modified":"2020-11-05T09:16:16.769+01:00","checksum":"207975812288"}
_2librisxl
887 _a{"@id":"pt2wxsfv4hqpj8r","modified":"2015-12-14T18:36:07+01:00","checksum":"180996591918"}
_2librisxl
887 _a{"@id":"chqld26j3c2w789","modified":"2015-12-09T12:05:58+01:00","checksum":"202673414820"}
_2librisxl
887 _a{"@id":"37gb2xl82fngd4w","modified":"2015-12-16T16:04:35+01:00","checksum":"216526986650"}
_2librisxl
887 _a{"@id":"26f87gx75f48388","modified":"2015-08-13T16:20:33+02:00","checksum":"193507989769"}
_2librisxl
887 _a{"@id":"pt2vnkvv0kldvjs","modified":"2015-07-31T12:03:20+02:00","checksum":"199965565383"}
_2librisxl
887 _a{"@id":"bgpkvhfh2xk6nfr","modified":"2015-11-11T12:12:45+01:00","checksum":"195457839894"}
_2librisxl
887 _a{"@id":"fksmwq0l3p0vqs2","modified":"2015-09-17T16:16:59+02:00","checksum":"187861978151"}
_2librisxl
887 _a{"@id":"bgpkx04h3lbgl6q","modified":"2015-11-19T14:04:02+01:00","checksum":"197332792018"}
_2librisxl
887 _a{"@id":"w6rkngf7tj4h9t4r","modified":"2019-11-14T14:16:19.591+01:00","checksum":"173041814508"}
_2librisxl
887 _a{"@id":"04c65gj55cq4qjj","modified":"2015-08-14T10:04:11+02:00","checksum":"188496801581"}
_2librisxl
887 _a{"@id":"x293q60305z8sfr","modified":"2016-01-05T18:03:51+01:00","checksum":"151800295373"}
_2librisxl
887 _a{"@id":"djrkh25k5stpdwp","modified":"2015-08-07T14:06:16+02:00","checksum":"193199963764"}
_2librisxl
887 _a{"@id":"mr0smmts363s9vw","modified":"2015-08-04T14:19:41+02:00","checksum":"216433888379"}
_2librisxl
887 _a{"@id":"tz611tb05m7fc6z","modified":"2015-08-20T10:09:41+02:00","checksum":"171459228972"}
_2librisxl
887 _a{"@id":"fksnwgml39ff22s","modified":"2015-11-27T14:02:33+01:00","checksum":"174696722893"}
_2librisxl
887 _a{"@id":"djrmfddk42k1h0p","modified":"2015-12-10T12:17:03+01:00","checksum":"195665220833"}
_2librisxl
887 _a{"@id":"ns1xtm8t16vppnr","modified":"2016-03-07T10:30:54+01:00","checksum":"163219951655"}
_2librisxl
887 _a{"@id":"37gb6dm824h37c6","modified":"2015-12-14T10:13:41+01:00","checksum":"211235796776"}
_2librisxl
887 _a{"@id":"chqjh8rj33brp38","modified":"2015-08-12T14:08:20+02:00","checksum":"195672865887"}
_2librisxl
887 _a{"@id":"37g82p0843bndwh","modified":"2015-12-08T12:46:12+01:00","checksum":"200853687356"}
_2librisxl
887 _a{"@id":"9fnhhf7g50q24g4","modified":"2015-12-15T12:13:34+01:00","checksum":"184335972696"}
_2librisxl
887 _a{"@id":"59jb2fvb4x7slqw","modified":"2015-10-19T18:06:39+02:00","checksum":"202708379947"}
_2librisxl
887 _a{"@id":"z3b5dwh41m15x2w","modified":"2015-10-16T18:07:26+02:00","checksum":"139617504270"}
_2librisxl
887 _a{"@id":"htfxn9k3fk56p370","modified":"2019-11-29T08:01:16.278+01:00","checksum":"196342526976"}
_2librisxl
887 _a{"@id":"tz628qb003cgs2d","modified":"2015-11-03T12:44:49+01:00","checksum":"188229939192"}
_2librisxl
887 _a{"@id":"7clgsvrd1q9vtfm","modified":"2015-12-01T12:22:19+01:00","checksum":"217865705117"}
_2librisxl
887 _a{"@id":"kpxrqmhq4m7pj00","modified":"2015-08-17T14:12:44+02:00","checksum":"190850716424"}
_2librisxl
887 _a{"@id":"26f84zs728cj19x","modified":"2015-12-04T18:02:17+01:00","checksum":"199812799662"}
_2librisxl
887 _a{"@id":"x295zw930841v53","modified":"2015-12-10T12:22:12+01:00","checksum":"157405426184"}
_2librisxl
887 _a{"@id":"sx50xrzz266z7cw","modified":"2015-10-21T10:04:04+02:00","checksum":"159981634718"}
_2librisxl
887 _a{"@id":"s2k9qtrnq0tmgxz7","modified":"2019-02-07T12:16:22.779+01:00","checksum":"178516697386"}
_2librisxl
887 _a{"@id":"04c534z52sdnbmx","modified":"2015-08-11T10:07:07+02:00","checksum":"184104625402"}
_2librisxl
887 _a{"@id":"26f873974w1bfc2","modified":"2015-08-17T12:15:48+02:00","checksum":"196341293175"}
_2librisxl
887 _a{"@id":"lw7d5jqsjmvfp8hz","modified":"2019-09-17T15:16:35.662+02:00","checksum":"190858092015"}
_2librisxl
887 _a{"@id":"pt2vtn8v5hk7k6l","modified":"2016-01-14T18:52:41+01:00","checksum":"181577077733"}
_2librisxl
887 _a{"@id":"lqzrptkr22h9mt9","modified":"2015-08-11T12:20:03+02:00","checksum":"197635603839"}
_2librisxl
887 _a{"@id":"6bkfptkc0z90k5z","modified":"2016-01-05T10:08:38+01:00","checksum":"205574932512"}
_2librisxl
887 _a{"@id":"mr0skcqs5g2zffm","modified":"2015-11-20T14:11:23+01:00","checksum":"162857865887"}
_2librisxl
887 _a{"@id":"26f7zd3743sx2nh","modified":"2015-11-26T16:29:02+01:00","checksum":"187010039832"}
_2librisxl
887 _a{"@id":"djrmk3dk0ln0c4q","modified":"2015-10-22T12:07:58+02:00","checksum":"171535448918"}
_2librisxl
887 _a{"@id":"8dmh10gf1wk8wrk","modified":"2015-11-25T12:30:11+01:00","checksum":"177969339314"}
_2librisxl
887 _a{"@id":"r15fh7ngpf1hdtpq","modified":"2018-11-08T08:01:38.821+01:00","checksum":"185634534812"}
_2librisxl
887 _a{"@id":"pt2xcrpv4nl27d6","modified":"2015-11-23T12:38:31+01:00","checksum":"264958026425"}
_2librisxl
887 _a{"@id":"04c76ts50sst9vm","modified":"2015-10-23T12:39:42+02:00","checksum":"181915931664"}
_2librisxl
887 _a{"@id":"hmvnf81n4k9rrnr","modified":"2015-07-30T09:40:01+02:00","checksum":"197054417428"}
_2librisxl
887 _a{"@id":"9fnjr7kg4gnlth7","modified":"2015-11-06T12:08:52+01:00","checksum":"166794184115"}
_2librisxl
887 _a{"@id":"6bkf76xc1fhz154","modified":"2015-12-10T12:09:31+01:00","checksum":"217041636551"}
_2librisxl
887 _a{"@id":"26f96sf73gmrg86","modified":"2015-12-15T16:36:48+01:00","checksum":"201528097682"}
_2librisxl
887 _a{"@id":"s3nc9nktqvmq50h8","modified":"2019-11-13T16:17:28.617+01:00","checksum":"173010024169"}
_2librisxl
887 _a{"@id":"gltnwjmm3vzm29l","modified":"2015-09-03T16:20:33+02:00","checksum":"178840890972"}
_2librisxl
887 _a{"@id":"z926wzkjw16jxd8p","modified":"2020-01-16T11:40:04.96+01:00","checksum":"152246605920"}
_2librisxl
887 _a{"@id":"n13pnwf0lp5r13z6","modified":"2020-12-09T14:16:25.889+01:00","checksum":"196648112179"}
_2librisxl
887 _a{"@id":"48h97l994vk6q4p","modified":"2015-08-06T14:12:54+02:00","checksum":"205344293807"}
_2librisxl
887 _a{"@id":"59jcb97b0dcw7w8","modified":"2015-12-10T12:32:22+01:00","checksum":"182006970187"}
_2librisxl
887 _a{"@id":"chqkkwhj01pb246","modified":"2015-08-19T12:13:02+02:00","checksum":"188377309209"}
_2librisxl
887 _a{"@id":"59jd9sjb555kkq0","modified":"2015-12-15T15:08:39+01:00","checksum":"226435505111"}
_2librisxl
887 _a{"@id":"chqkrntj32zrtg2","modified":"2015-12-30T12:06:19+01:00","checksum":"200158397948"}
_2librisxl
887 _a{"@id":"w182w1324rpw75l","modified":"2017-05-26T14:07:32+02:00","checksum":"177768632238"}
_2librisxl
887 _a{"@id":"6bkfnwrc5qsqfz4","modified":"2015-11-05T16:11:32+01:00","checksum":"215567226404"}
_2librisxl
887 _a{"@id":"z3bd20142wqxtvv","modified":"2016-10-25T08:14:47+02:00","checksum":"166570946610"}
_2librisxl
887 _a{"@id":"48hb8sk93mttdxm","modified":"2015-10-27T18:26:58+01:00","checksum":"213287604645"}
_2librisxl
887 _a{"@id":"x9b0bd8nv9nxgjvs","modified":"2020-12-01T13:16:23.552+01:00","checksum":"163933370929"}
_2librisxl
887 _a{"@id":"tz60tc105shb714","modified":"2015-12-14T12:26:01+01:00","checksum":"167695604977"}
_2librisxl
887 _a{"@id":"rw40rp1x3x335p7","modified":"2015-12-07T14:24:28+01:00","checksum":"163177874680"}
_2librisxl
887 _a{"@id":"tz61zls05694zd1","modified":"2015-10-19T17:20:26+02:00","checksum":"165745622711"}
_2librisxl
900 1 s _6700
_d1975-
_uNyberg, Annakarin,
_d1975-
900 1 s _6700
_d1975-
_uNyberg, Annakarin,
_d1975-
900 1 s _6100
_d1986-
_uLidström, Clara,
_d1986-
900 1 s _6100
_d1986-
_uLidström, Clara,
_d1986-
942 _2z
_cBOOK